| 000 | 00907nam a2200241Ia 4500 | ||
|---|---|---|---|
| 001 | 8684 | ||
| 003 | GE_BSU | ||
| 008 | 181216s||||||||xx |||||||||||||| ||und|| | ||
| 040 | _cGE_BSU | ||
| 080 | _a821.353.1-31 | ||
| 100 | _aიოსელიანი,ოტია. | ||
| 245 | _aშავი და ცისფერი მდინარე.წ.3. | ||
| 245 | _bრომანი.წ.3. | ||
| 245 | _cრედ:ზურაბ კუხიანიძე;მხატვ:ოთარ ჯიშკარიანი. | ||
| 260 | _aთბილისი. | ||
| 260 | _bსაბჭ.საქართველო ქუთასისის ფილიალი. | ||
| 260 | _c1984. | ||
| 300 | _a415გვ;ილ;21სმ. | ||
| 653 | _aმხატვრული | ||
| 653 | _aრომანი | ||
| 653 | _aშავი და ცისფერი მდინარე | ||
| 942 | _cBK | ||
| 999 |
_c41998 _d41998 |
||